[Event "11th Mumbai Mayors Cup 2018"]
[Site "Mumbai"]
[Date "2018.06.06"]
[Round "5"]
[White "Divya, Deshmukh"]
[Black "Deepan Chakkravarthy J."]
[Result "0-1"]
[WhiteElo "2138"]
[BlackElo "2531"]
[Annotator "TA"]
[PlyCount "124"]
[EventDate "2018.??.??"]
[EventType "swiss"]
[EventCountry "IND"]
[SourceTitle "playchess.com"]
[Source "ChessBase"]
[SourceQuality "1"]

{[%evp 11,124,13,39,11,39,-9,0,6,5,-8,-7,-19,0,0,0,0,0,0,10,5,9,9,9,12,11,11,49,56,93,95,94,89,89,81,87,93,90,89,96,103,100,0,107,97,106,102,104,80,88,85,87,0,87,92,92,39,90,64,74,0,0,0,0,-75,-75,-69,-67,-62,-67,-60,-70,-59,-62,-67,-49,-94,-95,-97,-82,-195,-181,-175,-132,-122,-150,-117,-133,-29965,-6301,-29971,-29970,-29972,-29973,-29972,-29974,-7208,-7208,-29974,-29975,-29978,-29980,-29979,-29980,-29981,-29982,-29979,-29983,-29983,-29984,-29989,-29985,-29985,-29986,-29986,-29987]} 1. e4 c5 2. Nf3 d6 3. d4 cxd4 4. Qxd4 a6 5. Be3 Nc6 6. Qd2 {B53: Sizilianisch (Ungarische Variante)} g6 {LiveBook: 3 Partien} (6... Nf6 7. Nc3 e6 8. O-O-O Qc7 9. Bf4 Ng4 10. Kb1 Bd7 11. h3 Nge5 12. Nd4 Rc8 13. Nxc6 Bxc6 14. Bg3 Be7 15. f4 Nd7 16. f5 e5 {0-1 (40) Zelcic,R (2501)-Rodshtein,M (2699) Katowice 2017}) 7. Bd3 $146 ({Vorgänger:} 7. Nc3 Nf6 8. O-O-O Qa5 9. Kb1 Bg7 10. Nd5 Qxd2 11. Rxd2 O-O 12. Bd3 Bg4 13. Bg5 Bxf3 14. gxf3 Nxd5 15. exd5 {1-0 (35) Mullon,J (2398)-Stephan,V (2313) France 2011}) 7... Bg7 8. c3 {Weiß steht etwas besser.} d5 9. exd5 Qxd5 10. Bc2 (10. O-O {is interesting.} Bf5 11. Bxf5 Qxf5 12. Na3 Nf6 13. Rfd1) 10... Nf6 11. Bb3 (11. Qe2 {looks sharper.} O-O 12. O-O Bf5 13. c4 Qa5 14. Bxf5 gxf5 15. Nc3) 11... Qxd2+ 12. Nbxd2 O-O 13. O-O {[%cal Bh1f1,Bf1e1,Be1e3][%mdl 32]} Na5 14. Bc5 Nxb3 15. axb3 Re8 16. Rfe1 $36 {[%mdl 2048] Weiss drückt.} Nd5 17. Nc4 Bf5 18. Rad1 Nf4 {Weiss sollte ...Sd3 verhindern.} 19. Bxe7 Nd3 20. Re3 {Droht Sb6 und aus.} Ne5 21. Ncxe5 {Droht stark Sc4.} Rxe7 22. Nc4 Rxe3 23. Nxe3 Be6 24. Nd4 Bd7 25. Ndc2 Be6 26. Nd4 Bd7 $1 27. Nd5 {Sb6 ist eine echte Drohung.} Rb8 28. Kf1 h5 29. f3 Be8 30. Nc7 Bd7 31. Nd5 Be8 $1 32. Ke2 Kf8 33. Nc7 (33. Ne3 $16) 33... Bd7 ({Besser ist} 33... Be5 $14 34. Nxe8 Rxe8) 34. Nc2 Bc6 35. Nb4 (35. h3 $16) 35... a5 $11 36. Nxc6 bxc6 {[%mdl 4096] Endspiel KTL-KTS} 37. Kd3 (37. Kd2 $11 {hält das Gleichgewicht.}) 37... Be5 $17 38. Na6 Ra8 $1 {[%cal Ra8a6]} 39. Nc5 {Und weiter mit Sd7+ wäre nett.} Rd8+ 40. Kc2 Rxd1 41. Kxd1 Bxh2 $15 {KL-KS} 42. Ke2 Ke7 43. Kd3 f5 44. Nb7 Bc7 45. f4 (45. Nc5 $17 {war einen Versuch wert.}) 45... Bxf4 $19 46. Nxa5 Kd7 47. b4 h4 48. Nb3 Be5 49. Nd4 $2 {[%mdl 8192]} (49. Nc5+ $17 Ke7 50. Ke3) 49... Bxd4 $1 50. Kxd4 {KB-KB} g5 {[%cal Bg6g5,Bg5g4][%mdl 32]} 51. Ke5 g4 $1 52. Kf4 Kd6 53. c4 Ke6 54. b3 Kd6 $1 {[%cal Rd6e6] Schwarz setzt Matt.} 55. c5+ {[#]} Kd5 $1 {[%cal Rd5d4]} 56. Ke3 h3 57. gxh3 gxh3 {K3B-K3B} 58. Kf2 f4 {[%cal Bf5f4,Bf4f3][%mdl 32]} 59. Kf3 Kd4 60. Kf2 Ke4 61. b5 {[#]} f3 $1 62. Kg3 Ke3 {Precision: Weiß = 47%, Schwarz = 81%.} 0-1

[Event "11th Mumbai Mayors Cup 2018"]
[Site "Mumbai"]
[Date "2018.06.06"]
[Round "5"]
[White "Parthasarathy, R."]
[Black "Harsha Bharathakoti"]
[Result "1/2-1/2"]
[WhiteElo "1916"]
[BlackElo "2471"]
[Annotator "TA"]
[PlyCount "143"]
[EventDate "2018.??.??"]
[EventType "swiss"]
[EventCountry "IND"]
[SourceTitle "playchess.com"]
[Source "ChessBase"]
[SourceQuality "1"]

{[%evp 17,143,0,0,-14,-16,-16,-7,-16,-10,-64,-60,-54,-68,-53,-56,-61,-64,-66,-74,-66,-70,-69,-71,-87,-37,-50,-49,-99,-77,-81,-79,-98,-85,-85,-70,-73,-78,-60,-58,-86,-39,-60,-59,-95,-60,-60,-60,-60,-60,-95,-95,-315,-313,-312,-308,-368,-345,-376,-360,-354,-229,-216,-196,-167,0,0,0,0,0,0,0,0,0,0,0,0,0,0,0,0,0,0,0,0,0,0,0,0,0,0,0,0,0,0,0,0,0,0,0,0,0,0,0,0,0,0,0,0,0,0,0,0,0,0,0,0,0,0,0,0,0,0,0,0,0,0,0,-4631]} 1. g3 d5 2. Bg2 Nf6 3. d3 c5 4. Nf3 Nc6 5. O-O g6 6. Nc3 Bg7 7. e4 O-O 8. Nxd5 Nxd5 9. exd5 Qxd5 {LiveBook: 9 Games} 10. Nd2 {A05: Réti Opening: 1 Nf3 Nf6} Qd7 11. a4 b6 $146 ({Predecessor:} 11... Qc7 12. Ne4 b6 13. a5 Bb7 14. a6 Bc8 15. Re1 Bf5 16. Nc3 Rad8 17. Nd5 Qd7 {1-0 (72) Movsesian,S (2642)-Laznicka,V (2608) Ostrava 2007}) 12. Nc4 Bb7 13. a5 (13. c3 $11) 13... Nd4 $15 14. c3 {[#] Threatens to win with Bxb7.} Bxg2 15. Kxg2 Qc6+ 16. f3 Ne6 17. axb6 axb6 18. Rxa8 Rxa8 19. Qe2 b5 20. Ne5 Qd6 21. f4 Rd8 22. Rf3 Qd5 23. Qe4 Qxe4 24. dxe4 Bxe5 25. fxe5 $17 {[%mdl 4096] Endgame KRB-KRN} h5 26. Rf1 Ra8 27. Be3 Ra2 28. Rf2 g5 29. Rd2 g4 30. h3 Kg7 31. hxg4 hxg4 32. Kf2 Kg6 33. Bf4 Ra1 34. Ke3 $2 (34. Be3 $17) 34... Re1+ $19 35. Kf2 Rxe4 36. Rd7 Nxf4 37. gxf4 Rxf4+ {KR-KR} 38. Kg3 Re4 39. Rxe7 c4 40. Rb7 Rxe5 $2 ({Black should play} 40... Kg5 $19 41. Rxb5 Re3+ 42. Kg2 Kf4) 41. Kxg4 $11 {The position is equal.} f6 42. Kf4 Rd5 43. Ke4 Rh5 44. Kf4 Rc5 45. Kg4 Rd5 46. Kf4 f5 47. Rb6+ Kf7 48. Rh6 Ke7 49. Rh5 Ke6 50. Rh6+ Kd7 51. Rf6 Rd2 52. Kxf5 Rxb2 {[#] Hoping for ...Rf2+.} 53. Ke4 Rd2 {aiming for ...Kc7.} 54. Rb6 Rd3 55. Rxb5 Kc6 56. Rb4 Kc5 57. Rb8 Rxc3 58. Rc8+ Kb4 59. Rb8+ Kc5 60. Rc8+ Kb5 {...Rh3 is the strong threat.} 61. Rb8+ Kc5 {Strongly threatening ...Rh3.} 62. Rc8+ Kb4 63. Rb8+ Ka3 64. Kd4 Rc1 65. Rc8 Kb3 66. Rb8+ Ka4 67. Ra8+ Kb5 (67... Kb3 $5 68. Rb8+ $8 Ka3 $11) 68. Rb8+ Ka4 69. Ra8+ Kb3 (69... Kb4 $5 70. Rb8+ $8 Ka5 $11) 70. Rb8+ Ka2 71. Ra8+ Kb3 (71... Kb2 $5 72. Rb8+ $8 Ka2 $11) 72. Kd5 $2 {[%mdl 40960] Precision: White = 68%, Black = 68%. . An unexpected result.} (72. Rb8+ $11 Ka4) 1/2-1/2

[Event "11th Mumbai Mayors Cup 2018"]
[Site "Mumbai"]
[Date "2018.06.06"]
[Round "6"]
[White "Rozum, Ivan"]
[Black "Rathnakaran, K.."]
[Result "1-0"]
[WhiteElo "2581"]
[BlackElo "2385"]
[Annotator "TA"]
[PlyCount "79"]
[EventDate "2018.??.??"]
[EventType "swiss"]
[EventCountry "IND"]
[SourceTitle "playchess.com"]
[Source "ChessBase"]
[SourceQuality "1"]

{[%evp 24,79,36,42,100,109,171,90,90,90,100,80,79,70,74,64,240,245,250,247,233,250,233,247,260,272,266,71,93,94,77,74,65,71,62,64,132,127,137,120,711,1000,1012,1016,1045,1008,1019,1009,933,791,1116,1100,1053,952,1011,1072,919,836]} 1. Nf3 Nf6 2. c4 g6 3. g3 Bg7 4. Bg2 O-O 5. d4 d6 6. O-O Nc6 7. Nc3 a6 8. d5 Na5 9. b3 c5 10. dxc6 Nxc6 11. Bb2 Rb8 {E63: King's Indian: Fianchetto: Panno Variation with 7...a6} 12. Qc1 (12. Rc1 Bd7 13. Qd2 b5 14. Nd5 Ne4 15. Qc2 Bxb2 16. Qxb2 b4 17. Ne1 Nc5 18. Nd3 Nxd3 19. exd3 {1-0 (40) Gelfand,B (2743)-Kasimdzhanov,R (2691) Tashkent 2016}) 12... Qa5 13. Rd1 {LiveBook: 4 Games} b5 $146 ({Black should try} 13... Qh5 $14) ({Predecessor:} 13... Be6 14. Ng5 Bh6 15. h4 Rbc8 16. Qe3 Ng4 17. Qf4 Nge5 18. Qe4 Bf5 19. Qd5 {½-½ (33) Grandelius,N (2542)-Urkedal,F (2448) Chennai 2011}) 14. Nd5 $16 bxc4 {[#]} (14... Nxd5 $16 15. Bxg7 (15. Rxd5 Bxb2 16. Qxb2 Be6 $15) (15. cxd5 Ne5 $16) 15... Kxg7 16. cxd5 (16. Rxd5 Be6 $11) 16... Nd8) 15. Nxf6+ ({Inferior is} 15. Qxc4 Nxd5 16. Bxg7 Kxg7 $11) (15. Nd4 $1 $18 {[%cal Rd4c6]} Nxd4 16. Nxe7+ (16. Bxd4 Nxd5 17. Bxg7 Kxg7 $15) 16... Kh8 17. Bxd4) 15... Bxf6 16. Bxf6 exf6 17. Rxd6 Ne5 18. bxc4 Be6 19. Nd4 Rfc8 $2 (19... Bxc4 $14 20. f4 (20. Rxf6 Rbd8 $16) 20... Rbc8) 20. Nxe6 $18 fxe6 21. Qf4 ({Don't take} 21. Rxe6 $6 Rxc4 22. Qe1 Qc5) 21... Rb6 22. Rxb6 Qxb6 23. Qxf6 Ng4 {[#]} 24. Qf4 $1 {[%cal Rf4g4]} h5 25. e3 $2 (25. Rd1 $18 {and White stays clearly on top.}) 25... Qb2 $16 26. Rf1 {Black must now prevent Qd6.} Rf8 27. Qd4 Rxf2 28. Qxb2 Rxb2 {[%mdl 4096] Endgame KRB-KRN} 29. Rc1 {c5 is the strong threat.} Nxe3 ({Black should play} 29... Kf7 $14) 30. Be4 Nf5 31. c5 {[%cal Bc4c5,Bc5c6,Bc6c7][%mdl 32] aiming for c6.} Re2 $2 {[%mdl 8192]} (31... Ne7 $16 32. c6 Rxa2) 32. Bxf5 $18 {White is clearly winning.} exf5 {KR-KR} 33. c6 Re8 34. c7 Rc8 35. h4 Kf7 36. Kf2 g5 37. hxg5 Kg6 38. Rc6+ Kxg5 39. Kf3 f4 40. Rc5+ {Precision: White = 71%, Black = 38%.} 1-0

[Event "11th Mumbai Mayors Cup 2018"]
[Site "Mumbai"]
[Date "2018.06.06"]
[Round "6"]
[White "Sandipan, Chanda"]
[Black "Amonatov, Farrukh"]
[Result "1/2-1/2"]
[WhiteElo "2571"]
[BlackElo "2605"]
[Annotator "TA"]
[PlyCount "165"]
[EventDate "2018.??.??"]
[EventType "swiss"]
[EventCountry "IND"]
[SourceTitle "playchess.com"]
[Source "ChessBase"]
[SourceQuality "1"]

{[%evp 14,165,45,36,47,46,38,35,29,26,33,33,35,39,96,66,59,52,62,41,81,77,68,33,87,71,71,66,57,52,47,46,97,15,29,12,10,10,10,10,10,10,10,8,58,0,0,0,0,0,0,0,0,0,0,0,0,0,0,0,0,0,8,4,54,21,21,22,27,21,21,29,36,36,27,0,301,173,956,1014,959,1038,958,899,894,887,786,786,485,36,36,36,36,36,36,36,36,36,36,36,36,36,37,8,8,8,8,8,8,8,8,8,8,8,8,8,8,0,8,0,8,0,0,0,0,0,0,0,8,8,8,0,0,0,0,0,0,0,0,0,8,8,8,8,8,8,8,8,8,8,8,8,8,8]} 1. d4 d5 2. Nf3 Nf6 3. Bf4 c6 4. e3 Bg4 5. Nbd2 e6 6. h3 Bh5 {D02: 1 d4 d5 2 Nf3 sidelines, including 2...Nf6 3 g3 and 2...Nf6 3 Bf4} (6... Bxf3 7. Nxf3 Bd6 8. Ne5 Qc7 9. Bh2 Nbd7 10. f4 O-O 11. Bd3 Ne4 12. Bxe4 dxe4 13. O-O f6 14. Nxd7 Qxd7 {½-½ (43) Krasenkow,M (2671)-L'Ami,E (2634) Wijk aan Zee 2018}) 7. g4 Bg6 8. Ne5 {LiveBook: 4 Games} Nfd7 {[%cal Bf6d7,Bd7b6,Bb6c4][%mdl 32] White is slightly better.} 9. Nxg6 hxg6 10. c4 dxc4 11. Nxc4 $146 ({Predecessor:} 11. Bxc4 Nb6 12. Bb3 a5 13. a3 N8d7 14. Qf3 {1-0 (35) Bossert,C (2305)-Komljenovic,L Baden-Baden 1993}) 11... Bb4+ 12. Ke2 Nb6 13. Qb3 Qe7 (13... Be7 $14) 14. a3 Nxc4 15. Qxb4 Qxb4 16. axb4 a6 17. Bg2 Kd7 18. b3 Nb6 (18... Nd6 $14) 19. e4 Ke7 20. h4 N8d7 21. h5 gxh5 22. gxh5 Nc8 (22... f5 $14) 23. Bf3 (23. b5 $1 $16) 23... Nd6 $11 24. Rhg1 Nb5 25. Ke3 Rh7 26. Rg3 f6 27. Rag1 Kf7 28. e5 Rg8 29. exf6 ({White should try} 29. Rg6 $1 $14) 29... Nxf6 30. Be5 Nc3 31. Bxf6 Kxf6 32. Rg6+ Kf7 33. Kf4 Nd5+ 34. Bxd5 exd5 {[%mdl 4096] Endgame KRR-KRR} 35. R6g5 Re8 36. Rf5+ Kg8 37. f3 {[%cal Bf2f3,Bf3f4,Bf4f5][%mdl 32]} Rh6 38. Rg6 Re6 39. Rxe6 Rxe6 $14 {KR-KR} 40. Re5 Rh6 $1 41. Kg5 Kf7 42. f4 Rd6 43. Re1 Rd8 44. f5 b6 $2 {[%mdl 8192] [#]} (44... Rb8 $11 {and Black has nothing to worry.}) 45. Re6 $1 $18 c5 $2 (45... Rc8 46. Rg6 Kf8) 46. bxc5 bxc5 47. dxc5 d4 48. Rxa6 d3 49. Ra1 Rb8 50. Rb1 Rb4 {[#]} 51. c6 $2 ({White must play} 51. Rb2 $1 $18 {[%cal Rb2b1] aiming for Rb1.} Ke7 52. Rd2 Rxb3 53. Kg6) 51... Rb6 $1 $14 52. c7 Rc6 53. Rd1 {b4 is the strong threat.} Rxc7 54. Rxd3 Rb7 55. Rc3 Rb6 $1 56. Rh3 {Threatens to win with Rd3.} Rb4 57. Rg3 {And now Rc3 would win.} Rb5 58. Kf4 {Threatening Kg5.} Kf6 $1 {The position is equal.} 59. Ke4 Re5+ $1 60. Kd4 Rxf5 61. Rh3 Ke6 62. b4 Kd6 63. Rh4 Rb5 64. Kc4 Rg5 65. Kd3 Rb5 66. Ke3 Ke6 67. Kf3 Rf5+ 68. Kg3 Rg5+ 69. Kf4 Rf5+ 70. Ke4 Rg5 71. Kd4 Kd6 72. Rh1 Rg4+ 73. Kc3 Kc6 74. Ra1 Rg3+ 75. Kc4 {Strongly threatening Ra6+.} Rg4+ 76. Kb3 Rg3+ 77. Ka4 g6 78. Ka5 Kb7 79. h6 Rh3 80. Rf1 Rxh6 81. Rf7+ Kb8 82. Rf6 {Black should prevent Kb6.} Rh8 83. Rxg6 {Precision: White = 68%, Black = 61%.} 1/2-1/2

[Event "11th Mumbai Mayors Cup 2018"]
[Site "Mumbai"]
[Date "2018.06.06"]
[Round "6"]
[White "Tukhaev, Adam"]
[Black "Sammed Jaykumar, Shete"]
[Result "1/2-1/2"]
[WhiteElo "2557"]
[BlackElo "2375"]
[Annotator "TA"]
[PlyCount "112"]
[EventDate "2018.??.??"]
[EventType "swiss"]
[EventCountry "IND"]
[SourceTitle "playchess.com"]
[Source "ChessBase"]
[SourceQuality "1"]

{[%evp 18,112,0,0,0,0,0,10,52,0,0,0,5,0,17,11,15,11,31,8,47,0,0,0,0,0,73,52,30,0,0,0,0,0,0,-52,-63,-64,-47,-29,0,0,0,-82,-64,-83,-81,-81,-88,-79,-81,-108,-101,-104,-117,-151,-150,-160,-160,-160,-160,-160,-160,-160,-139,-139,-139,-139,-131,-117,-102,-102,-74,-102,-47,-87,-22,-74,-74,-74,-74,-74,0,0,0,0,0,0,0,0,0,0,0,0,0,-90,0]} 1. e4 e5 2. Nf3 Nc6 3. Bb5 {[%cal Bf1b5,Bb5a4,Ba4b3][%mdl 32]} a6 4. Ba4 Nf6 5. O-O Be7 6. d3 b5 7. Bb3 d6 8. a3 O-O 9. Nc3 Bg4 10. Be3 Nd4 {C84: Closed Ruy Lopez: Unusual White 6th moves} 11. Bxd4 exd4 12. Nd5 c6 {The position is equal.} (12... c5 13. a4 Be6 14. Nxf6+ Bxf6 15. Bxe6 fxe6 16. Qe2 Qd7 17. b3 e5 18. Ra2 {½-½ (45) Karjakin,S (2763)-Ding,L (2769) Berlin 2018}) 13. Nxe7+ Qxe7 14. h3 Bxf3 15. Qxf3 c5 16. Qe2 $146 ({Predecessor:} 16. Rae1 Rac8 17. Qg3 Qc7 18. f4 {1-0 (36) Darini,P (2500)-Bagheri,M (2237) Rasht 2015}) 16... Nd7 17. f4 Nb6 18. Qf2 d5 19. Rae1 dxe4 20. Rxe4 Qf6 21. Rfe1 c4 (21... Rac8 $11) 22. Ba2 Rad8 23. Qe2 {[%cal Rd3c4]} Na4 24. dxc4 Nxb2 25. cxb5 Na4 $36 {[%mdl 2048] Strongly threatening ...Nc3. Black fights for an advantage.} 26. bxa6 (26. Re7 $11 Nc3 27. Qe5) 26... Nc3 $1 $15 {[%csl LRa2,LRe2,LRe4]} 27. Qc4 Nxe4 28. Rxe4 Rc8 29. Qd3 Rfd8 $1 30. a7 (30. Bc4 $11 {remains equal.}) 30... h6 $17 31. Qb3 Ra8 32. Qb7 {Threatens to win with Bc4.} d3 33. cxd3 {Kh2 is the strong threat.} Qa1+ 34. Qb1 Qxb1+ 35. Bxb1 Rxa7 {[%mdl 4096] Endgame KRR-KRB} 36. a4 Rb7 $1 {[%cal Rb7b1]} 37. Bc2 Rc8 $1 {[%cal Rc8c2]} 38. Rc4 Rxc4 $1 39. dxc4 {KR-KB} Rb4 40. Bd3 Rxa4 41. Kf2 Kf8 42. Ke3 Ke7 43. Kd4 Kd6 44. Be4 Rb4 45. Bd5 f6 (45... Ke7 $17) 46. h4 Ra4 (46... h5 $17 47. Bf3 Rb2 48. c5+ Kd7) 47. h5 (47. Ke4 $1 $11) 47... Ra3 $1 48. Bf3 Ra5 49. Bd5 {[#]} Ra4 (49... f5 $1 $17) 50. Ke4 $11 Ra3 51. g4 $1 Rc3 52. Kf5 Ke7 53. Kg6 Kf8 54. Kf5 Ke7 55. Kg6 Kf8 ({Black should play} 55... Rg3 $11 56. Kf5 Rg1) 56. Kf5 $17 {[#]} Ke7 {Precision: White = 63%, Black = 60%.} ({Better is} 56... Rc1 $1 $17) 1/2-1/2

[Event "11th Mumbai Mayors Cup 2018"]
[Site "Mumbai"]
[Date "2018.06.06"]
[Round "6"]
[White "Deepan Chakkravarthy J."]
[Black "Siva, Mahadevan"]
[Result "1/2-1/2"]
[WhiteElo "2531"]
[BlackElo "2346"]
[Annotator "TA"]
[PlyCount "88"]
[EventDate "2018.??.??"]
[EventType "swiss"]
[EventCountry "IND"]
[SourceTitle "playchess.com"]
[Source "ChessBase"]
[SourceQuality "1"]

{[%evp 18,88,-5,-22,0,0,0,-11,-4,-13,0,0,0,0,0,0,0,0,0,0,10,0,0,11,29,29,80,80,80,82,82,74,94,0,77,52,49,8,10,0,25,0,0,0,0,0,0,-10,-10,-10,-12,-10,-19,-24,0,0,0,0,0,0,0,0,0,0,0,0,0,0,0,0,0,0,0]} 1. e4 e5 2. Nf3 Nc6 3. Bb5 a6 4. Ba4 Nf6 5. O-O Be7 6. d3 b5 7. Bb3 O-O 8. Nc3 d6 9. a4 b4 {C84: Closed Ruy Lopez: Unusual White 6th moves} (9... Bg4 10. Be3 Nd4 11. Bxd4 exd4 12. Nd5 c6 13. h3 Bxf3 14. Nxf6+ Bxf6 15. Qxf3 Rc8 16. axb5 axb5 17. Ra6 {½-½ (71) Inarkiev,E (2682)-Ragger,M (2632) Dubai 2014}) 10. Nd5 {LiveBook: 8 Games} Na5 11. Ba2 Nxd5 12. Bxd5 c6 13. Ba2 c5 14. Nd2 $146 ({Predecessor:} 14. Bd5 Rb8 15. Nd2 Be6 16. Bxe6 fxe6 17. Nc4 {0-1 (55) Proudian,A (2274)-Stefanova,A (2486) Caleta 2014}) 14... Bg5 15. Bd5 Rb8 16. Nc4 $36 {[%mdl 2048] White has the initiative.} Nxc4 17. dxc4 Bxc1 18. Qxc1 Qe7 19. a5 Be6 20. Rd1 f5 21. Qd2 {And now exf5 would win.} Rbd8 (21... fxe4 $11 {keeps the balance.} 22. Bxe4 Rbd8) 22. Bxe6+ $16 Qxe6 {[#]} 23. Qd5 $1 {[%cal Rd5e6]} Qxd5 24. Rxd5 {[%mdl 4096] Endgame KRR-KRR} Kf7 25. f4 ({White should play} 25. exf5 $16 Ke7 26. g4) 25... exf4 (25... fxe4 $11 26. fxe5 dxe5) 26. exf5 Rfe8 27. Rad1 Re2 28. R5d2 (28. Rxd6 {keeps more tension.} Re1+ 29. Rxe1 Rxd6 30. Re5 Rd2 31. Re6) 28... Rde8 29. Kf1 Rxd2 30. Rxd2 $11 {KR-KR} Re4 $1 31. Kf2 Rxc4 32. b3 Rc3 $1 33. Rxd6 Rxc2+ 34. Kf3 Rc3+ 35. Kxf4 c4 36. bxc4 {The position is equal.} Rxc4+ 37. Ke3 b3 38. Rb6 Rc5 39. g4 Rxa5 {[#] aiming for ...Rb5.} 40. Rxb3 Ra4 41. Kf3 h6 42. Rb7+ Kf6 43. Rb6+ Kf7 44. Kg3 Ra3+ {Precision: White = 68%, Black = 55%.} 1/2-1/2

[Event "11th Mumbai Mayors Cup 2018"]
[Site "Mumbai"]
[Date "2018.06.06"]
[Round "6"]
[White "Pruijssers, Roeland"]
[Black "Bharath Subramaniyam H"]
[Result "1-0"]
[WhiteElo "2514"]
[BlackElo "2196"]
[Annotator "TA"]
[PlyCount "85"]
[EventDate "2018.??.??"]
[EventType "swiss"]
[EventCountry "IND"]
[SourceTitle "playchess.com"]
[Source "ChessBase"]
[SourceQuality "1"]

{[%evp 14,84,18,19,27,8,10,-2,22,16,10,0,44,45,42,32,13,7,38,34,30,6,83,52,56,51,47,30,29,43,39,24,20,13,22,14,29,31,88,102,150,159,133,162,121,92,729,774,29992,1507,1037,1061,1418,1397,1764,920,912,759,879,887,860,566,1822,1779,29993,29994,29994,29995,29997,29998,29998,29999,29999]} 1. e4 c5 2. Nc3 a6 3. g3 b5 {[%cal Bb7b5,Bb5b4][%mdl 32]} 4. Bg2 Bb7 5. d3 e6 6. Nh3 Nf6 {B23: Closed Sicilian: Lines without g3} (6... b4 7. Ne2 d5 8. e5 Nc6 9. f4 Nh6 10. Nf2 Nf5 11. O-O Qb6 12. c3 Be7 13. g4 Nh4 14. Bh1 {0-1 (35) Yu,Y (2738)-Khismatullin,D (2639) Moscow 2017}) 7. O-O d6 {[%cal Bd7d6,Bd6d5][%mdl 32]} 8. f4 {LiveBook: 31 Games} b4 {The position is equal.} 9. Ne2 Be7 10. Nf2 d5 11. e5 Nfd7 12. c3 $146 ({Predecessor:} 12. Qe1 Qc7 13. c3 bxc3 14. bxc3 {1-0 (83) Demirbag,A (1960)-Altunbay,O (1830) Konya 2017}) 12... bxc3 13. bxc3 O-O 14. Rb1 Bc6 15. g4 Qa5 16. Qd2 Ra7 17. g5 Ba4 (17... Rb7 $11 18. Rxb7 Bxb7) 18. Qe3 Nc6 19. Qh3 Rc7 20. Ng4 c4 21. dxc4 Qc5+ 22. Ne3 {[%cal Rc4d5]} Bc2 23. Rb2 $40 {[%mdl 128] White has some attack.} Bf5 $1 {[%cal Rf5h3]} 24. Qh4 $1 {[%cal Rc4d5]} dxc4 25. Ng3 $1 {[%cal Rg3f5]} Bd3 {[#]} (25... Bg6 $14) 26. Be4 $1 $16 {[%csl Ge4][%cal Rh4h7]} h6 {[#] Threatens to win with ...Ncxe5.} 27. Bxd3 $1 cxd3 28. Ne4 Qa7 29. Nf6+ gxf6 $2 {[%mdl 8192]} (29... Kh8 $16) 30. gxf6 $18 Bxf6 31. exf6 (31. Rg2+ $142 Kh7 32. exf6 Rg8 33. Rxg8 Kxg8 34. Qg4+ Kf8 35. Ba3+ Nc5 36. Rd1) 31... Kh7 32. Rg2 Rg8 33. Rxg8 {White threatens Rg7+ and mate.} Kxg8 34. Qxh6 {[%csl Gf6][%cal Rh6g7]} Nxf6 35. Qxf6 Ne7 36. Rf2 Qc5 37. Bd2 Rd7 38. f5 Nxf5 39. Nxf5 {White mates.} exf5 40. Bh6 {[%csl Gh6][%cal Rf6g7]} Qf8 41. Rg2+ Kh7 42. Bxf8 {[%csl Gf8][%cal Rf6h6]} d2 43. Qh6# {Precision: White = 56%, Black = 30%.} 1-0